| 000 | 03070nam a2200289 4500 | ||
|---|---|---|---|
| 003 | CO-CtgCURN | ||
| 005 | 20250329165449.0 | ||
| 008 | 160531s2024 000 0 eng d | ||
| 040 |
_aCO-CtgCURN _bspa _ccoctgcurn |
||
| 082 | 0 |
_aINS 2024 _bS161 |
|
| 100 | 1 | _aSalcedo León, Lincon. | |
| 245 | 1 | 0 |
_aPropuestas de estrategias en ciberseguridad para la era de la inteligencia artificial / _cLincon Salcedo León. |
| 260 |
_aCartagena de Indias : _bCorporación Universitaria Rafael Nuñez, _c2024. |
||
| 300 | _a18 hojas. | ||
| 336 | _2rdacontent | ||
| 337 |
_2rdamedia _asin mediacion _bn |
||
| 338 |
_2rdacarrier _avolumen _bnc |
||
| 502 | _aTrabajo de grado (Ingeniero de Sistemas). Corporación Universitaria Rafael Nuñez. Programa de Ingenieria de Sistemas, 2024. | ||
| 504 | _aIncluye bibliografia. | ||
| 590 | _aIngenieria de Sistemas | ||
| 520 | 8 | _a"El objetivo principal de este artículo consiste en realizar una revisión integral y práctica de la literatura con el fin de proponer estrategias para fortalecer la ciberseguridad en el actual auge era de la Inteligencia Artificial (IA), en este se indagaron tanto los principales desafíos como las oportunidades en este campo emergente y dinámico, para ello, se realizó una búsqueda, recopilación y análisis de información en diversas bases de datos como Scielo, Redalyc y Google Academic, lo anterior permitió recopilar diferentes artículos, trabajos de grado, informes gubernamentales, documentos de organizaciones internacionales, blogs, páginas oficiales, posibilitando documentar las estrategias propuestas, así como, la exploración de los desafíos éticos y legales asociados, la provisión de recomendaciones concretas y orientadas a la acción, y la identificación de áreas de investigación y desarrollo futuro.El artículo presenta una serie de estrategias para minimizar las vulnerabilidades en la red y proteger los sistemas de inteligencia artificial (IA) contra posibles amenazas. Estas estrategias incluyen el análisis de comportamiento basado en IA, la detección avanzada de amenazas, la protección de modelos de IA, la auditoría y transparencia, el entrenamiento y concienciación del personal, así como la colaboración y compartición de información entre organizaciones y expertos en seguridad cibernética. Además, se destacan medidas específicas para garantizar la seguridad de los datos, la detección de anomalías, la resistencia a ataques, la implementación de actualizaciones y parches, la educación y concienciación del personal, la seguridad en el despliegue y la auditoría y supervisión periódica de la ciberseguridad de los sistemas de IA.." | |
| 650 | 0 |
_aIngenieria de Sistemas _vTesis y disertaciones academicas. |
|
| 700 | 1 | _edirector. | |
| 856 | 7 |
_uhttps://unicurn.sharepoint.com/:b:/s/biblioteca/ESZP04xlXg1HlUWZw6F9MRABNgj5v7q3jr6b3_H_vfQOBA?e=lcsFfT _zClick aqui para ver el recurso en texto completo |
|
| 942 |
_hINS 2024 _iS161 _2ddc _cTG |
||
| 999 |
_c4847 _d4847 |
||